000 00966nam a22003497a 4500
005 20250613141828.0
008 190829b2010 xxu||||| |||| 00| 0 spa d
020 _a9789871573066
041 _aESP
082 _a614.1 L935m
100 _aLucero, Humberto
_955644
100 _aIdaskin, Ricardo
245 _aManual de medicina legal del trabajo y de la seguridad social
260 _aArgentina
260 _bDosyuna
260 _c2010
300 _a303 páginas
490 _aInvestigación Criminal
650 _aMEDICINA LEGAL
650 _aMEDICINA LABORAL
650 _aDERECHO LABORAL
650 _aEXAMEN PERICIAL
650 _aINFORME MÉDICO LEGAL
650 _aPATOLOGÍAS LABORALES
650 _aACCIDENTES DE TRABAJO
650 _aENFERMEDAD DEL TRABAJO
650 _aINCAPACIDAD LABORAL
650 _aLEGISLACIÓN LABORAL
650 _aENFERMEDADES PROFESIONALES
650 _aDICTÁMENES PERICIALES
942 _cBK
_2ddc
999 _c12286
_d12286